[Event "DFMM: Niedersachsen-Bayern"]
[Site "Braunfels"]
[Date "2010.06.06"]
[Round "5.8"]
[White "Saal, Hilkka"]
[Black "Metzner, Anita"]
[Result "1-0"]
[WhiteElo "1695"]
[BlackElo "1613"]
[PlyCount "41"]
[EventDate "2010.06.03"]
[WhiteTeam "Niedersachsen"]
[BlackTeam "Bayern"]

1. e4 d5 2. exd5 Qxd5 3. Nc3 Qa5 4. d4 c6 5. Nf3 Bg4 6. h3 Bxf3 7. Qxf3 Nf6 8.
Bd3 Nbd7 9. O-O g6 10. Rb1 Bg7 11. b4 Qd8 12. Re1 O-O 13. Ba3 Re8 14. b5 cxb5
15. Bxb5 a6 16. Bxd7 Nxd7 17. Rxb7 Bxd4 18. Nd5 Bc5 19. Bxc5 Nxc5 20. Nxe7+ Kf8
21. Qf6 1-0

[Event "DFMM: Saarland-Schleswig-Holstein"]
[Site "Braunfels"]
[Date "2010.06.06"]
[Round "5.1"]
[White "Leib, Britta"]
[Black "Müller, Elke"]
[Result "1/2-1/2"]
[WhiteElo "1985"]
[BlackElo "1992"]
[PlyCount "27"]
[EventDate "2010.06.03"]
[WhiteTeam "Schleswig-Holstein"]
[BlackTeam "Saarland"]

1. e4 d6 2. d4 g6 3. Nc3 Bg7 4. Be3 Nc6 5. Nf3 e5 6. dxe5 Nxe5 7. Nxe5 Bxe5 8.
Qd2 Ne7 9. Bc4 Be6 10. Bxe6 fxe6 11. Bd4 Nc6 12. Bxe5 Nxe5 13. O-O-O Rf8 14. f3
1/2-1/2

[Event "DFMM: Saarland-Schleswig-Holstein"]
[Site "Braunfels"]
[Date "2010.06.06"]
[Round "5.2"]
[White "Noll, Sonja"]
[Black "Marx, Inga"]
[Result "1/2-1/2"]
[WhiteElo "1886"]
[BlackElo "1756"]
[PlyCount "63"]
[EventDate "2010.06.03"]
[WhiteTeam "Saarland"]
[BlackTeam "Schleswig-Holstein"]

1. Nc3 d5 2. e4 dxe4 3. Nxe4 Nf6 4. Ng3 a6 5. Bc4 e6 6. Nf3 b5 7. Bb3 Bb7 8.
O-O c5 9. d3 Be7 10. Bg5 O-O 11. c3 Nc6 12. Qe2 h6 13. Bxf6 Bxf6 14. Nh5 Bg5
15. Rfd1 Rc8 16. Ne5 g6 17. Nxg6 fxg6 18. Bxe6+ Kh7 19. Bxc8 Qxc8 20. Ng3 Re8
21. Ne4 Re5 22. Qf3 Nd8 23. Nxg5+ Rxg5 24. Qf6 Rxg2+ 25. Kf1 Qd7 26. d4 Rxh2
27. dxc5 Rh1+ 28. Ke2 Qg4+ 29. Kd2 Qd7+ 30. Ke2 Qg4+ 31. Kd2 Qd7+ 32. Ke2
1/2-1/2

[Event "DFMM: Saarland-Schleswig-Holstein"]
[Site "Braunfels"]
[Date "2010.06.06"]
[Round "5.3"]
[White "Freter, Anke"]
[Black "Thewes, Marion"]
[Result "1-0"]
[WhiteElo "1951"]
[BlackElo "1544"]
[PlyCount "65"]
[EventDate "2010.06.03"]
[WhiteTeam "Schleswig-Holstein"]
[BlackTeam "Saarland"]

1. e4 e6 2. d4 d5 3. e5 c5 4. c3 Nc6 5. Nf3 Bd7 6. Be2 cxd4 7. cxd4 Nge7 8. Na3
Nf5 9. Nc2 Qb6 10. O-O Be7 11. b3 O-O 12. Kh1 f6 13. g4 Nh6 14. exf6 Rxf6 15.
g5 Rxf3 16. Bxf3 Nf5 17. Bg4 Ncxd4 18. Nxd4 Nxd4 19. Be3 Bc5 20. Rc1 Nxb3 21.
Qxb3 Rc8 22. Rxc5 Rxc5 23. Qxb6 axb6 24. Bxc5 bxc5 25. f4 d4 26. Kg2 c4 27. Kf2
Kf7 28. Rd1 d3 29. Ke3 Ke7 30. Bf3 b6 31. Kd4 Kd6 32. h4 g6 33. Kxc4 1-0

[Event "DFMM: Saarland-Schleswig-Holstein"]
[Site "Braunfels"]
[Date "2010.06.06"]
[Round "5.4"]
[White "Weinmann, Helene"]
[Black "Hielscher, Ursula"]
[Result "0-1"]
[WhiteElo "1435"]
[BlackElo "1878"]
[PlyCount "70"]
[EventDate "2010.06.03"]
[WhiteTeam "Saarland"]
[BlackTeam "Schleswig-Holstein"]

1. e4 e6 2. d4 d5 3. e5 c5 4. c3 Nc6 5. Nf3 Qb6 6. a3 cxd4 7. cxd4 Nge7 8. Bd3
Bd7 9. Nc3 Nxd4 10. Nxd4 Qxd4 11. O-O Qxe5 12. Re1 Qc7 13. Qf3 Bc6 14. Bf4 Qd8
15. Qg3 Ng6 16. Bg5 Be7 17. Bxe7 Qxe7 18. Ne2 Rd8 19. Nd4 Qd6 20. Qxd6 Rxd6 21.
Nf5 Rd7 22. Nxg7+ Kf8 23. Nh5 Ke7 24. Be2 Rg8 25. Ng3 Nf4 26. Nf5+ Kd8 27. Nh4
Nh3+ 28. Kh1 Nxf2+ 29. Kg1 Nh3+ 30. Kh1 d4 31. Bd1 d3 32. Bf3 d2 33. Reb1 Nf2+
34. Kg1 Bxf3 35. Kxf2 d1=Q 0-1

[Event "DFMM: Saarland-Schleswig-Holstein"]
[Site "Braunfels"]
[Date "2010.06.06"]
[Round "5.6"]
[White "Alt, Barbara"]
[Black "Bücker, Simone"]
[Result "0-1"]
[WhiteElo "1182"]
[BlackElo "1674"]
[PlyCount "76"]
[EventDate "2010.06.03"]
[WhiteTeam "Saarland"]
[BlackTeam "Schleswig-Holstein"]

1. e4 d5 2. exd5 Nf6 3. d4 Nxd5 4. c4 Nf6 5. Nc3 Bf5 6. Nf3 e6 7. Bg5 Nbd7 8.
Bd3 Bxd3 9. Qxd3 Be7 10. O-O O-O 11. Rfe1 c6 12. Rad1 Re8 13. Ne5 h6 14. Bf4
Nxe5 15. Bxe5 Bd6 16. Bxd6 Qxd6 17. c5 Qc7 18. Qf3 Rad8 19. Ne4 Nxe4 20. Rxe4
Rd5 21. Qg3 Qxg3 22. hxg3 Red8 23. f4 Rxc5 24. dxc5 Rxd1+ 25. Kf2 Rd2+ 26. Re2
Rxe2+ 27. Kxe2 f6 28. Ke3 h5 29. Ke4 Kf7 30. a3 b6 31. b4 b5 32. Kd4 Kg6 33.
Ke4 a6 34. g4 hxg4 35. g3 Kf7 36. Kd4 g5 37. Ke4 Kg6 38. Ke3 Kf5 0-1

[Event "DFMM: Saarland-Schleswig-Holstein"]
[Site "Braunfels"]
[Date "2010.06.06"]
[Round "5.7"]
[White "Krupp, Katja"]
[Black "Metzler, Janett"]
[Result "1-0"]
[WhiteElo "1646"]
[BlackElo "1118"]
[PlyCount "49"]
[EventDate "2010.06.03"]
[WhiteTeam "Schleswig-Holstein"]
[BlackTeam "Saarland"]

1. e4 e5 2. Nf3 Nc6 3. d4 Nxd4 4. Nxd4 exd4 5. Qxd4 Qe7 6. Nc3 Nf6 7. Bf4 Qb4
8. Qe5+ Be7 9. O-O-O d6 10. Qb5+ Qxb5 11. Nxb5 Kd7 12. f3 a6 13. Nc3 Rb8 14. g4
Ne8 15. e5 b5 16. Ne4 Rb6 17. Be3 Rc6 18. f4 Ke6 19. Bh3 g5 20. f5+ Kxe5 21.
Bd4+ Kxe4 22. Bg2+ Kf4 23. Bxc6 Nf6 24. Rhg1 Rg8 25. Rdf1# 1-0

[Event "DFMM: Saarland-Schleswig-Holstein"]
[Site "Braunfels"]
[Date "2010.06.06"]
[Round "5.8"]
[White "Tinnes, Marie-Christine"]
[Black "Biehl, Katrin"]
[Result "0-1"]
[WhiteElo "1108"]
[BlackElo "1086"]
[PlyCount "34"]
[EventDate "2010.06.03"]
[WhiteTeam "Saarland"]
[BlackTeam "Schleswig-Holstein"]

1. d4 d5 2. Nf3 Nf6 3. g3 e6 4. Bg2 Bd6 5. O-O h6 6. Nbd2 Nc6 7. c4 b6 8. cxd5
exd5 9. a3 O-O 10. Qc2 Ne7 11. e4 dxe4 12. Nxe4 Nf5 13. Nxd6 Qxd6 14. Bf4 Qd8
15. Bxc7 Qe8 16. Ne5 Nxd4 17. Qc3 Ne2+ 0-1